Statistics for Fortnite Icon Series Skins

Click here to take the quiz!

General Stats

  • This quiz has been taken 212 times
  • The average score is 9 of 15

Answer Stats

HintAnswer% Correct
Collabs with singers all the timeBruno Mars
89%
The leader of PWRLachlan
87%
Has a fruit pickaxeLoserfruit
87%
A basketball playerLeBron James
85%
Most commonly known as "The Best Fortnite Player"Ninja
83%
His intro became a memeAli-A
81%
Wore a Gingerbread skinLazerBeam
76%
Known for having the most sus emoteBugha
68%
Rarest icon skinTravis Scott
64%
Did the chicken dance in a chicken costume on streamChica
54%
Makes music with a white maskMarshmellow
54%
Has everything diamond relatedAriana Grande
39%
Spanish YouTuberTheGrefg
33%
Colombian SingerJ Balvin
24%
Collabed with Bruno MarsAnderson .Pakk
13%

Score Distribution

Percentile by Number Answered

Percent of People with Each Score

Your Score History

You have not taken this quiz